[Event "BEM Bochum 2015"]
[Site "?"]
[Date "2015.04.23"]
[Round "1.1"]
[White "Radi, Guenter"]
[Black "Quast, Marcel"]
[Result "0-1"]
[WhiteElo "1840"]
[BlackElo "2100"]
[PlyCount "108"]
[EventDate "2015.??.??"]
[WhiteTeam "SV Günnigfeld"]
[BlackTeam "SC Gerthe-Werne"]

1. d4 f5 2. c4 Nf6 3. Nc3 d6 4. Bg5 Nbd7 5. e3 g6 6. Bd3 Bg7 7. Nge2 O-O 8. Nf4
Nb8 9. d5 Na6 10. O-O Nc5 11. Bc2 Nfe4 12. Nxe4 Nxe4 13. Bxe4 fxe4 14. Qc2 h6
15. Bxe7 Qxe7 16. Nxg6 Qe8 17. Nxf8 Bxf8 18. f4 Bf5 19. Rad1 h5 20. Kh1 Qg6 21.
Qb3 b6 22. Qa4 Qe8 23. Qxe8 Rxe8 24. Rd2 a5 25. a4 Kf7 26. Kg1 Bg7 27. Rc1 Bf6
28. Kh1 Rg8 29. Re1 Bd7 30. Ra1 Kg6 31. Ra2 Kf5 32. Re2 Be8 33. Kg1 Bf7 34. Rc2
Rc8 35. b3 c6 36. dxc6 Rxc6 37. Rd2 Bc3 38. Rd1 Bb4 39. Rb2 d5 40. cxd5 Rd6 41.
Kf2 Bxd5 42. Rbb1 Ke6 43. Rdc1 Bc5 44. Rd1 Rc6 45. Rdc1 Rc8 46. g3 Bb7 47. Rc4
Rd8 48. Rc3 Rd2+ 49. Kg1 Re2 50. Rbc1 Bxe3+ 51. Kf1 Ba6 52. Rc6+ Kd5 53. Rxb6
Rf2+ 54. Ke1 Rf1# 0-1

[Event "BEM Bochum 2015"]
[Site "?"]
[Date "2015.04.23"]
[Round "1.2"]
[White "Boehm, Ingo"]
[Black "Bender, Markus"]
[Result "1-0"]
[WhiteElo "2042"]
[BlackElo "1731"]
[PlyCount "41"]
[EventDate "2015.??.??"]
[WhiteTeam "SV Linden"]
[BlackTeam "SV Günnigfeld"]

1. e4 Nc6 2. Nc3 e5 3. g3 h5 4. Nf3 Nf6 5. Bg2 Bc5 6. Na4 Be7 7. d4 exd4 8.
Nxd4 Nxd4 9. Qxd4 d6 10. Nc3 c6 11. Bf4 Ng4 12. Rd1 Ne5 13. Bxe5 dxe5 14. Qxe5
Qb6 15. Qxg7 Rf8 16. O-O Be6 17. Bf3 h4 18. Bg4 hxg3 19. hxg3 Bc4 20. Bd7+ Kd8
21. Be6+ 1-0

[Event "BEM Bochum 2015"]
[Site "?"]
[Date "2015.04.23"]
[Round "1.3"]
[White "Drzasga, Michael"]
[Black "Freisen, Marco"]
[Result "1-0"]
[WhiteElo "1976"]
[BlackElo "1380"]
[PlyCount "49"]
[EventDate "2015.??.??"]
[WhiteTeam "SG Höntrop"]
[BlackTeam "SV Günnigfeld"]

1. d4 d5 2. c4 e6 3. Nc3 Nf6 4. Bg5 Be7 5. Nf3 O-O 6. e3 c6 7. c5 Nbd7 8. b4 b6
9. Qa4 b5 10. Qd1 Re8 11. a4 bxa4 12. Qxa4 Qc7 13. Bf4 Qb7 14. b5 cxb5 15. Bxb5
Bxc5 16. Rb1 Bb6 17. O-O Rd8 18. Rfc1 Nb8 19. Ne5 Nfd7 20. Nc6 Rf8 21. Bd6 Re8
22. Nxb8 Rxb8 23. Bxb8 Qxb8 24. Bxd7 Bxd7 25. Qxd7 1-0

[Event "BEM Bochum 2015"]
[Site "?"]
[Date "2015.04.23"]
[Round "1.4"]
[White "Kampmann, Marcel"]
[Black "Klueting, Reiner"]
[Result "0-1"]
[WhiteElo "1723"]
[BlackElo "1958"]
[PlyCount "66"]
[EventDate "2015.??.??"]
[WhiteTeam "SV Günnigfeld"]
[BlackTeam "SV Wattenscheid"]

1. Nf3 d5 2. c4 e6 3. d4 Nf6 4. g3 c5 5. cxd5 Nxd5 6. dxc5 Bxc5 7. Bg2 O-O 8.
O-O Nc6 9. Qc2 Qb6 10. Nc3 Nxc3 11. bxc3 e5 12. Ng5 g6 13. Bd5 Ne7 14. Qb3 Nxd5
15. Qxd5 Qd6 16. Qxd6 Bxd6 17. Rd1 Be7 18. h4 Bf5 19. e4 Bc8 20. Kg2 f6 21. Nh3
Be6 22. Be3 Rfc8 23. Rd3 Rc4 24. f3 Ra4 25. Bc1 Kf7 26. a3 Rc8 27. Bb2 Rc6 28.
Nf2 Rca6 29. Nd1 Bxa3 30. c4 Bxb2 31. Rxa4 Rxa4 32. Nxb2 Ra2 33. Rd2 a5 0-1

[Event "BEM Bochum 2015"]
[Site "?"]
[Date "2015.04.23"]
[Round "1.5"]
[White "Herrmann, Uwe"]
[Black "Richter, Bernd"]
[Result "1-0"]
[WhiteElo "1925"]
[BlackElo "1623"]
[PlyCount "57"]
[EventDate "2015.??.??"]
[WhiteTeam "SU Annen"]
[BlackTeam "SC Gerthe-Werne"]

1. d4 Nf6 2. c4 g6 3. Nc3 d5 4. cxd5 Nxd5 5. e4 Nxc3 6. bxc3 c5 7. Nf3 Bg7 8.
Rb1 O-O 9. Be2 Bg4 10. Be3 e6 11. O-O cxd4 12. cxd4 b6 13. h3 Bxf3 14. Bxf3 Nd7
15. Qd2 Re8 16. Rfc1 Rc8 17. Bg5 Bf6 18. Rxc8 Qxc8 19. Rc1 Qd8 20. Be3 Qb8 21.
Qc2 Re7 22. Qc8+ Qxc8 23. Rxc8+ Nf8 24. e5 Bg7 25. Bc6 f6 26. d5 exd5 27. Bxd5+
Kh8 28. exf6 Bxf6 29. Rxf8+ 1-0

[Event "BEM Bochum 2015"]
[Site "?"]
[Date "2015.04.23"]
[Round "1.6"]
[White "Koch, Guido"]
[Black "Schmidt, Ralph"]
[Result "0-1"]
[WhiteElo "1609"]
[BlackElo "1897"]
[PlyCount "88"]
[EventDate "2015.??.??"]
[WhiteTeam "SV Wattenscheid"]
[BlackTeam "SV Linden"]

1. d4 Nf6 2. Nf3 g6 3. e3 Bg7 4. c4 d6 5. Bd3 O-O 6. O-O Na6 7. Nc3 c5 8. Bd2
Bd7 9. Rc1 Rc8 10. d5 Nc7 11. Qe2 e5 12. e4 Nfe8 13. Ne1 f5 14. f3 f4 15. a3
Nf6 16. Nc2 g5 17. Kf2 g4 18. Ke1 a6 19. b4 b6 20. bxc5 bxc5 21. Nd1 Qe8 22.
Nf2 h5 23. Ba5 g3 24. hxg3 fxg3 25. Nd1 Bh6 26. Rb1 Qg6 27. Nce3 h4 28. Nf5
Bxf5 29. exf5 Qf7 30. Rb7 Rfe8 31. Nc3 Nh5 32. Ne4 Nf4 33. Qc2 Bf8 34. Ng5 Qf6
35. Ne4 Qf7 36. Ng5 Qh5 37. Bxc7 Qxg5 38. Bxd6 Bxd6 39. f6 Qxf6 40. Bh7+ Kh8
41. Rh1 Re7 42. Rxe7 Bxe7 43. Bf5 Rb8 44. Be6 Nxg2+ 0-1

[Event "BEM Bochum 2015"]
[Site "?"]
[Date "2015.04.30"]
[Round "2.1"]
[White "Quast, Marcel"]
[Black "Herrmann, Uwe"]
[Result "1-0"]
[WhiteElo "2100"]
[BlackElo "1925"]
[PlyCount "35"]
[EventDate "2015.??.??"]
[WhiteTeam "SC Gerthe-Werne"]
[BlackTeam "SU Annen"]

1. e4 e6 2. d4 d5 3. Nd2 Nf6 4. e5 Ng8 5. Bd3 c5 6. c3 Nc6 7. Ngf3 Bd7 8. dxc5
Qc7 9. Qe2 Bxc5 10. Nb3 Be7 11. O-O f6 12. Bf4 g5 13. Bg3 Qb6 14. exf6 Bxf6 15.
Nxg5 O-O-O 16. Nf7 Rf8 17. Nxh8 Bxh8 18. Qe3 1-0

[Event "BEM Bochum 2015"]
[Site "?"]
[Date "2015.04.30"]
[Round "2.2"]
[White "Klueting, Reiner"]
[Black "Boehm, Ingo"]
[Result "1-0"]
[WhiteElo "1958"]
[BlackElo "2042"]
[PlyCount "43"]
[EventDate "2015.??.??"]
[WhiteTeam "SV Wattenscheid"]
[BlackTeam "SV Linden"]

1. e4 c6 2. d4 d5 3. exd5 cxd5 4. c4 Nf6 5. Nc3 g6 6. cxd5 Bg7 7. Bc4 O-O 8.
Nge2 Na6 9. Qb3 Nc7 10. a4 b6 11. O-O Bb7 12. Nf4 Qd6 13. a5 Rab8 14. axb6 axb6
15. Be3 Rfd8 16. Ra7 g5 17. Nfe2 h6 18. Ng3 Nfxd5 19. Nf5 Qe6 20. Nxg7 Kxg7 21.
h4 Bc6 22. Rxc7 1-0

[Event "BEM Bochum 2015"]
[Site "?"]
[Date "2015.04.30"]
[Round "2.4"]
[White "Koch, Guido"]
[Black "Drzasga, Michael"]
[Result "1/2-1/2"]
[WhiteElo "1609"]
[BlackElo "1976"]
[PlyCount "83"]
[EventDate "2015.??.??"]
[WhiteTeam "SV Wattenscheid"]
[BlackTeam "SG Höntrop"]

1. e4 d5 2. d4 c6 3. Nc3 dxe4 4. Nxe4 Bf5 5. Ng3 Be6 6. f4 g6 7. Be2 Nh6 8. Bf3
Bg7 9. N1e2 Bd5 10. O-O e6 11. Be3 Nd7 12. Bxd5 cxd5 13. Nc1 Qh4 14. Rf3 Ng4
15. Nf1 h5 16. c3 O-O 17. Nd3 Bh6 18. Qe2 Rac8 19. Bf2 Qd8 20. Ng3 Bg7 21. Rf1
Ndf6 22. Ne5 a6 23. h3 Nh6 24. Be3 h4 25. Nh1 Ne4 26. g4 hxg3 27. Nxg3 Nxg3 28.
Rxg3 Nf5 29. Rg4 Nh6 30. Rg2 Qh4 31. Qf3 Nf5 32. Rg4 Qh5 33. Bf2 Nh6 34. Kg2 f6
35. Nxg6 Nxg4 36. Nxf8 Kxf8 37. hxg4 Qg6 38. Re1 Re8 39. Bg3 f5 40. g5 Kf7 41.
Rh1 Rh8 42. Rxh8 1/2-1/2

[Event "BEM Bochum 2015"]
[Site "?"]
[Date "2015.04.30"]
[Round "2.7"]
[White "Freisen, Marco"]
[Black "Kampmann, Marcel"]
[Result "0-1"]
[WhiteElo "1380"]
[BlackElo "1723"]
[PlyCount "46"]
[EventDate "2015.??.??"]
[WhiteTeam "SV Günnigfeld"]
[BlackTeam "SV Günnigfeld"]

1. d4 e6 2. c4 b6 3. Nc3 Bb7 4. Nf3 Nf6 5. Bg5 Be7 6. e3 O-O 7. Be2 d5 8. cxd5
Nxd5 9. Bxe7 Qxe7 10. O-O Nd7 11. Rc1 c5 12. dxc5 Nxc5 13. Nxd5 Bxd5 14. Bc4
Bb7 15. Qe2 a6 16. a3 b5 17. Ba2 Rac8 18. Nd4 Rc7 19. Rc2 Rfc8 20. Rfc1 Be4 21.
Rc3 Nd3 22. Rxc7 Rxc7 23. Rc3 Nc1 0-1

[Event "BEM Bochum 2015"]
[Site "?"]
[Date "2015.05.07"]
[Round "3.1"]
[White "Schmidt, Ralph"]
[Black "Quast, Marcel"]
[Result "0-1"]
[WhiteElo "1897"]
[BlackElo "2100"]
[PlyCount "72"]
[EventDate "2015.??.??"]
[WhiteTeam "SV Linden"]
[BlackTeam "SC Gerthe-Werne"]

1. e4 e6 2. Nc3 d5 3. exd5 exd5 4. Qf3 Nf6 5. d4 Nc6 6. Bb5 Bg4 7. Qg3 Bd6 8.
Bf4 Bxf4 9. Qxf4 O-O 10. f3 Re8+ 11. Nge2 Bh5 12. Bxc6 bxc6 13. Kf2 Bg6 14. Qd2
Qd6 15. Na4 Nd7 16. Nf4 Bxc2 17. b3 Bf5 18. Rac1 Nb6 19. Nc5 a5 20. a4 Reb8 21.
g3 Nd7 22. Nfd3 Bxd3 23. Qxd3 Rb4 24. Na6 Rb6 25. Nc5 Nf8 26. Rc3 Re8 27. Re1
Rxe1 28. Kxe1 Qf6 29. Kf2 Rb4 30. Ke3 Qh6+ 31. f4 Qxh2 32. Kf3 Qg1 33. Qe3 Qd1+
34. Kf2 Rxd4 35. g4 Rd2+ 36. Kg3 d4 0-1

[Event "BEM Bochum 2015"]
[Site "?"]
[Date "2015.05.07"]
[Round "3.2"]
[White "Drzasga, Michael"]
[Black "Klueting, Reiner"]
[Result "1/2-1/2"]
[WhiteElo "1976"]
[BlackElo "1958"]
[PlyCount "65"]
[EventDate "2015.??.??"]
[WhiteTeam "SG Höntrop"]
[BlackTeam "SV Wattenscheid"]

1. d4 Nf6 2. Nf3 d5 3. c4 c6 4. e3 Bf5 5. cxd5 Bxb1 6. Rxb1 Qxd5 7. Qa4 e6 8.
Bd2 Nbd7 9. Ba5 Bd6 10. a3 O-O 11. Bb4 Bxb4+ 12. Qxb4 a5 13. Qc3 Ne4 14. Qc2 a4
15. Bc4 Qa5+ 16. Ke2 Ndf6 17. Ne5 c5 18. dxc5 Nxc5 19. Qc3 Nce4 20. Qxa5 Rxa5
21. Nd3 Rc8 22. Rhc1 h6 23. Ba2 Raa8 24. f3 Nd6 25. Nb4 Kf8 26. Rc3 Rxc3 27.
bxc3 Nb5 28. Rc1 Nxa3 29. c4 Rc8 30. Kd2 b5 31. cxb5 Rxc1 32. Kxc1 Nxb5 33. Kb2
1/2-1/2

[Event "BEM Bochum 2015"]
[Site "?"]
[Date "2015.05.07"]
[Round "3.3"]
[White "Richter, Bernd"]
[Black "Boehm, Ingo"]
[Result "0-1"]
[WhiteElo "1623"]
[BlackElo "2042"]
[PlyCount "60"]
[EventDate "2015.??.??"]
[WhiteTeam "SC Gerthe-Werne"]
[BlackTeam "SV Linden"]

1. e4 d6 2. d4 g6 3. Nc3 Bg7 4. f4 Nf6 5. Be3 Ng4 6. Bc1 O-O 7. h3 Nf6 8. Be3
c5 9. Nf3 cxd4 10. Nxd4 Nc6 11. Nxc6 bxc6 12. Bd3 d5 13. e5 d4 14. exf6 Bxf6
15. Ne4 dxe3 16. Nxf6+ exf6 17. c3 Qb6 18. Qb3 Qc5 19. Qc4 Qb6 20. Qb3 Qc7 21.
O-O-O Qxf4 22. Kb1 Rb8 23. Qc2 f5 24. Rhf1 Qe5 25. Rf3 Rb7 26. Re1 Re7 27. Qa4
Qc5 28. Qb4 Qxb4 29. cxb4 Rfe8 30. a4 Be6 0-1

[Event "BEM Bochum 2015"]
[Site "?"]
[Date "2015.05.07"]
[Round "3.4"]
[White "Herrmann, Uwe"]
[Black "Radi, Guenter"]
[Result "1/2-1/2"]
[WhiteElo "1925"]
[BlackElo "1840"]
[PlyCount "76"]
[EventDate "2015.??.??"]
[WhiteTeam "SU Annen"]
[BlackTeam "SV Günnigfeld"]

1. Nf3 Nf6 2. g3 g6 3. Bg2 Bg7 4. O-O O-O 5. d4 d5 6. Re1 Nc6 7. b3 Bg4 8. h3
Bxf3 9. Bxf3 Qd7 10. Bg2 Ne4 11. c3 f5 12. e3 Rad8 13. Bb2 e6 14. Nd2 Qf7 15.
Rc1 Qf6 16. Qe2 a6 17. c4 Rf7 18. cxd5 exd5 19. Ba3 Bh6 20. Kh2 Nxd4 21. Nxe4
fxe4 22. exd4 Bxc1 23. Rxc1 Qxd4 24. Rc2 Rc8 25. Rd2 Qe5 26. Bb2 Qe6 27. Qe3 h5
28. Qd4 Kh7 29. h4 Rd8 30. b4 c6 31. Bc3 Re8 32. Re2 Qg4 33. Qe3 Qd7 34. Bd2
Qd6 35. Qd4 Qf8 36. a3 Rd8 37. Bc3 Rd6 38. Qe3 Re6 1/2-1/2

[Event "BEM Bochum 2015"]
[Site "?"]
[Date "2015.05.07"]
[Round "3.7"]
[White "Bender, Markus"]
[Black "Freisen, Marco"]
[Result "1-0"]
[WhiteElo "1731"]
[BlackElo "1380"]
[PlyCount "35"]
[EventDate "2015.??.??"]
[WhiteTeam "SV Günnigfeld"]
[BlackTeam "SV Günnigfeld"]

1. e4 e6 2. d4 d5 3. e5 c5 4. Nf3 Nc6 5. a3 c4 6. Be2 g6 7. Nbd2 Bg7 8. c3 b5
9. Nf1 f6 10. exf6 Nxf6 11. Ng3 O-O 12. Bg5 Qc7 13. h4 e5 14. Bxf6 Bxf6 15.
dxe5 Nxe5 16. Qxd5+ Nf7 17. Qxa8 Bb7 18. Qxa7 1-0

[Event "BEM Bochum 2015"]
[Site "?"]
[Date "2015.05.21"]
[Round "4.1"]
[White "Quast, Marcel"]
[Black "Klueting, Reiner"]
[Result "1/2-1/2"]
[WhiteElo "2100"]
[BlackElo "1958"]
[PlyCount "61"]
[EventDate "2015.??.??"]
[WhiteTeam "SC Gerthe-Werne"]
[BlackTeam "SV Wattenscheid"]

1. e4 e5 2. Nf3 Nc6 3. Bc4 Nf6 4. d4 exd4 5. O-O Nxe4 6. Re1 d5 7. Bxd5 Qxd5 8.
Nc3 Qd7 9. Nxe4 Be7 10. Bg5 O-O 11. Bxe7 Qxe7 12. Nxd4 Nxd4 13. Qxd4 Be6 14.
Nc5 b6 15. Nxe6 fxe6 16. Re5 Rad8 17. Qe3 Qb4 18. b3 Qd2 19. Qe1 Qxe1+ 20.
Raxe1 Rd2 21. R5e2 Rfd8 22. Rxd2 Rxd2 23. Rc1 e5 24. Kf1 e4 25. a4 Kf7 26. c4
c5 27. a5 Rb2 28. axb6 axb6 29. Rc3 Kf6 30. Re3 Rb1+ 31. Ke2 1/2-1/2

[Event "BEM Bochum 2015"]
[Site "?"]
[Date "2015.05.21"]
[Round "4.2"]
[White "Boehm, Ingo"]
[Black "Schmidt, Ralph"]
[Result "1/2-1/2"]
[WhiteElo "2042"]
[BlackElo "1897"]
[PlyCount "88"]
[EventDate "2015.??.??"]
[WhiteTeam "SV Linden"]
[BlackTeam "SV Linden"]

1. e4 e5 2. Nf3 d6 3. d4 exd4 4. Nxd4 Nf6 5. f3 Be7 6. c4 Bd7 7. Nc3 Nc6 8. Be3
a6 9. Be2 O-O 10. O-O Ne8 11. Qd2 f5 12. Nxf5 Bxf5 13. exf5 Rxf5 14. f4 Rf8 15.
Bg4 Nf6 16. Be6+ Kh8 17. g4 Re8 18. Rae1 Ng8 19. g5 Bf8 20. Qd5 Nb4 21. Qe4 Nc2
22. Re2 Nxe3 23. Qxe3 g6 24. f5 gxf5 25. Rxf5 Bg7 26. Qf3 Rf8 27. Qh5 Ne7 28.
Rf7 Ng6 29. Bf5 Rxf7 30. Bxg6 Bd4+ 31. Kg2 Re7 32. Re4 Bxc3 33. bxc3 Qf8 34.
Bf5 Rae8 35. Bxh7 Qg7 36. Rxe7 Rxe7 37. Be4+ Kg8 38. g6 Qe5 39. Bd5+ Kf8 40.
Qh6+ Ke8 41. Bf7+ Kd8 42. Qh4 Qe2+ 43. Kg3 Qe3+ 44. Kg2 Qe2+ 1/2-1/2

[Event "BEM Bochum 2015"]
[Site "?"]
[Date "2015.05.21"]
[Round "4.3"]
[White "Kampmann, Marcel"]
[Black "Drzasga, Michael"]
[Result "1-0"]
[WhiteElo "1723"]
[BlackElo "1976"]
[PlyCount "77"]
[EventDate "2015.??.??"]
[WhiteTeam "SV Günnigfeld"]
[BlackTeam "SG Höntrop"]

1. Nf3 d5 2. c4 e6 3. d4 Nf6 4. g3 c6 5. Nc3 Be7 6. cxd5 exd5 7. Bg2 h6 8. O-O
O-O 9. Qc2 Be6 10. Bd2 Qc8 11. Rfe1 Bf5 12. Qb3 Ne4 13. Nxe4 Bxe4 14. Bb4 Bxb4
15. Qxb4 Re8 16. Bf1 a5 17. Qc3 Nd7 18. a4 Qc7 19. Nd2 Bg6 20. Bg2 Re7 21. Bxd5
Rae8 22. e3 h5 23. Bg2 h4 24. d5 Ne5 25. dxc6 bxc6 26. Nc4 hxg3 27. hxg3 Ng4
28. Rad1 Re6 29. Qxa5 Qe7 30. Rd4 f5 31. Bh3 Qf6 32. Rf4 Re4 33. Bxg4 Rxf4 34.
exf4 Rxe1+ 35. Qxe1 fxg4 36. Qe5 Qf7 37. Qd4 Qf5 38. Nd6 Qb1+ 39. Kh2 1-0

[Event "BEM Bochum 2015"]
[Site "?"]
[Date "2015.05.21"]
[Round "4.4"]
[White "Bender, Markus"]
[Black "Herrmann, Uwe"]
[Result "0-1"]
[WhiteElo "1731"]
[BlackElo "1925"]
[PlyCount "72"]
[EventDate "2015.??.??"]
[WhiteTeam "SV Günnigfeld"]
[BlackTeam "SU Annen"]

1. e4 e6 2. d4 d5 3. e5 c5 4. a3 Nc6 5. Nf3 cxd4 6. Bd3 f6 7. Qe2 fxe5 8. Nxe5
Nf6 9. Nd2 Nxe5 10. Qxe5 Qb6 11. Qg3 Bd7 12. Nf3 O-O-O 13. O-O Bd6 14. Ne5 Qc7
15. f4 Be8 16. Qe1 Ne4 17. Bxe4 dxe4 18. Qxe4 Bxe5 19. Qxe5 Qxe5 20. fxe5 Bg6
21. Rf2 Rd5 22. Bf4 Kd7 23. Rd1 Rc8 24. Rdd2 a5 25. g4 a4 26. Kg2 Rc6 27. Rde2
Rb6 28. Bc1 Rbb5 29. Rf4 Rbc5 30. Kf2 d3 31. Rd2 Rxc2 32. Rxc2 dxc2 33. Ke2
Rxe5+ 34. Kd2 Rd5+ 35. Ke3 Rd3+ 36. Ke2 Rd1 0-1

[Event "BEM Bochum 2015"]
[Site "?"]
[Date "2015.05.21"]
[Round "4.5"]
[White "Radi, Guenter"]
[Black "Koch, Guido"]
[Result "1-0"]
[WhiteElo "1840"]
[BlackElo "1609"]
[PlyCount "61"]
[EventDate "2015.??.??"]
[WhiteTeam "SV Günnigfeld"]
[BlackTeam "SV Wattenscheid"]

1. e4 e5 2. Nf3 d6 3. c3 Nf6 4. Qc2 Nc6 5. h3 Be7 6. d4 exd4 7. cxd4 d5 8. e5
Ne4 9. a3 O-O 10. Bd3 f5 11. Nc3 Be6 12. Ne2 g5 13. Nh2 Rc8 14. f3 Ng3 15. Nxg3
Nxd4 16. Qd1 c5 17. O-O c4 18. Bc2 Nc6 19. f4 d4 20. Nf3 b5 21. Qe1 Qb6 22. Kh1
a5 23. Nxg5 Bxg5 24. fxg5 d3 25. Bd1 b4 26. Nh5 Rfd8 27. Nf6+ Kg7 28. Qh4 Bg8
29. Qh6+ Kh8 30. Nh5 Qc7 31. Qf6+ 1-0

[Event "BEM Bochum 2015"]
[Site "?"]
[Date "2015.05.28"]
[Round "5.1"]
[White "Quast, Marcel"]
[Black "Kampmann, Marcel"]
[Result "1-0"]
[WhiteElo "2100"]
[BlackElo "1723"]
[PlyCount "89"]
[EventDate "2015.??.??"]
[WhiteTeam "SC Gerthe-Werne"]
[BlackTeam "SV Günnigfeld"]

1. e4 e6 2. d4 b6 3. Nf3 Bb7 4. Bd3 Nf6 5. Qe2 d6 6. O-O Be7 7. c4 O-O 8. Nc3
c5 9. d5 e5 10. Ne1 Bc8 11. f4 Bg4 12. Qc2 Na6 13. f5 Nh5 14. h3 Nb4 15. Qd2
Ng3 16. hxg4 Nxf1 17. Kxf1 Bh4 18. Nf3 h6 19. Bb1 Na6 20. Ne2 Nc7 21. g5 Bxg5
22. Nxg5 Qxg5 23. Qxg5 hxg5 24. Bxg5 f6 25. Bd2 a5 26. Bd3 Kf7 27. Kf2 Rh8 28.
Rc1 Na6 29. a3 a4 30. Nc3 Nc7 31. Bc2 Rag8 32. Bxa4 g6 33. fxg6+ Rxg6 34. Bd7
Rhg8 35. Rg1 Ke7 36. Bf5 Rg3 37. Be3 R3g7 38. Bh3 Rb8 39. Rb1 b5 40. cxb5 Nxb5
41. Nxb5 Rxb5 42. b4 Rb7 43. Rc1 cxb4 44. axb4 Rg8 45. b5 1-0

[Event "BEM Bochum 2015"]
[Site "?"]
[Date "2015.05.28"]
[Round "5.2"]
[White "Klueting, Reiner"]
[Black "Radi, Guenter"]
[Result "1/2-1/2"]
[WhiteElo "1958"]
[BlackElo "1840"]
[PlyCount "33"]
[EventDate "2015.??.??"]
[WhiteTeam "SV Wattenscheid"]
[BlackTeam "SV Günnigfeld"]

1. e4 e6 2. d4 d5 3. Nc3 dxe4 4. Nxe4 Nc6 5. Nf3 Be7 6. c3 Nf6 7. Bd3 O-O 8.
O-O b6 9. Bg5 Bb7 10. Nxf6+ Bxf6 11. Bxf6 Qxf6 12. Qe2 Qf4 13. Ba6 Bxa6 14.
Qxa6 Rfd8 15. Rfe1 Qd6 16. h3 Nb8 17. Qe2 1/2-1/2

[Event "BEM Bochum 2015"]
[Site "?"]
[Date "2015.05.28"]
[Round "5.3"]
[White "Herrmann, Uwe"]
[Black "Boehm, Ingo"]
[Result "1/2-1/2"]
[WhiteElo "1925"]
[BlackElo "2042"]
[PlyCount "37"]
[EventDate "2015.??.??"]
[WhiteTeam "SU Annen"]
[BlackTeam "SV Linden"]

1. d4 Nf6 2. c4 g6 3. Nc3 d6 4. e4 Bg7 5. f3 O-O 6. Be3 Nc6 7. Nge2 a5 8. Qd2
a4 9. Bh6 Nd7 10. Bxg7 Kxg7 11. Rb1 Nb6 12. b3 axb3 13. axb3 f5 14. d5 Ne5 15.
Nd4 c5 16. dxc6 Nxc6 17. Be2 Nxd4 18. Qxd4+ e5 19. Qd2 1/2-1/2

[Event "BEM Bochum 2015"]
[Site "?"]
[Date "2015.05.28"]
[Round "5.5"]
[White "Drzasga, Michael"]
[Black "Bender, Markus"]
[Result "1/2-1/2"]
[WhiteElo "1976"]
[BlackElo "1731"]
[PlyCount "88"]
[EventDate "2015.??.??"]
[WhiteTeam "SG Höntrop"]
[BlackTeam "SV Günnigfeld"]

1. e4 Nc6 2. d4 d5 3. e5 Bf5 4. h4 h5 5. Be2 Qd7 6. c3 g6 7. Nd2 f6 8. Ngf3 Bg7
9. Bb5 Nh6 10. Nb3 O-O 11. Nc5 Qc8 12. Bf4 Nd8 13. Qd2 Nhf7 14. O-O-O a6 15.
Be2 b6 16. Nd3 Ne6 17. Kb1 c5 18. Ka1 Rd8 19. exf6 exf6 20. Nh2 cxd4 21. Rc1
Qd7 22. g4 hxg4 23. Nxg4 Bxd3 24. Bxd3 Nxf4 25. Qxf4 f5 26. cxd4 fxg4 27. Rc7
Qe6 28. h5 gxh5 29. Rxh5 Rd7 30. Bh7+ Kf8 31. Rxd7 Qxd7 32. Rf5 Qe6 33. a3 Ke7
34. Qc7+ Ke8 35. Rxf7 Rc8 36. Re7+ Qxe7 37. Qxc8+ Kf7 38. Qf5+ Qf6 39. Qxd5+
Ke7 40. Qb7+ Kd8 41. Qb8+ Ke7 42. Qc7+ Ke8 43. Kb1 Kf8 44. Qc8+ Ke7 1/2-1/2